MARC details
| 000 -LEADER |
| fixed length control field |
01862nam a2200589 i 4500 |
| 001 - CONTROL NUMBER |
| control field |
9910272159805606 |
| 003 - CONTROL NUMBER IDENTIFIER |
| control field |
NyNyJPI |
| 005 - DATE AND TIME OF LATEST TRANSACTION |
| control field |
20260413144318.0 |
| 008 - FIXED-LENGTH DATA ELEMENTS--GENERAL INFORMATION |
| fixed length control field |
150728s2011 xxucho |000 0deng |
| 009 - PHYSICAL DESCRIPTION FIXED-FIELD FOR ARCHIVAL COLLECTION (VM) [OBSOLETE] |
| fixed length control field |
b1000000177694 |
| 015 ## - NATIONAL BIBLIOGRAPHY NUMBER |
| National bibliography number |
PZ 2011 |
| 020 ## - INTERNATIONAL STANDARD BOOK NUMBER |
| International Standard Book Number |
9781439165508 |
| 020 ## - INTERNATIONAL STANDARD BOOK NUMBER |
| International Standard Book Number |
9781439165515 |
| 020 ## - INTERNATIONAL STANDARD BOOK NUMBER |
| Canceled/invalid ISBN |
9781439165614 |
| Qualifying information |
(wersja elektroniczna) |
| 035 ## - SYSTEM CONTROL NUMBER |
| System control number |
991038407189705066 |
| 035 ## - SYSTEM CONTROL NUMBER |
| System control number |
(PL-WaBN)MILb30177157-48omnis_nlop |
| 035 ## - SYSTEM CONTROL NUMBER |
| System control number |
MILb30177157 |
| 035 ## - SYSTEM CONTROL NUMBER |
| System control number |
(PL)b1000000177694 |
| 040 ## - CATALOGING SOURCE |
| Original cataloging agency |
WA N |
| Transcribing agency |
WA N |
| Modifying agency |
WA N |
| 044 ## - COUNTRY OF PUBLISHING/PRODUCING ENTITY CODE |
| MARC country code |
xxu |
| -- |
xxk |
| -- |
xxc |
| -- |
at |
| 045 2# - TIME PERIOD OF CONTENT |
| Formatted 9999 B.C. through C.E. time period |
d1939 |
| -- |
d2009 |
| 046 ## - SPECIAL CODED DATES |
| Beginning or single date created |
2010 |
| 080 ## - UNIVERSAL DECIMAL CLASSIFICATION NUMBER |
| Field link and sequence number |
1.1\x |
| Universal Decimal Classification number |
94(100)"1939/1945":355.257 |
| 080 ## - UNIVERSAL DECIMAL CLASSIFICATION NUMBER |
| Field link and sequence number |
1.2\x |
| Universal Decimal Classification number |
355.1(438) |
| 080 ## - UNIVERSAL DECIMAL CLASSIFICATION NUMBER |
| Field link and sequence number |
1.3\x |
| Universal Decimal Classification number |
929-051(73)"19" |
| 080 ## - UNIVERSAL DECIMAL CLASSIFICATION NUMBER |
| Field link and sequence number |
1.4\x |
| Universal Decimal Classification number |
929-051(73)"20" |
| 080 ## - UNIVERSAL DECIMAL CLASSIFICATION NUMBER |
| Field link and sequence number |
1.5\x |
| Universal Decimal Classification number |
(0.054) |
| 084 ## - OTHER CLASSIFICATION NUMBER |
| Classification number |
10 |
| 100 1# - MAIN ENTRY--PERSONAL NAME |
| Personal name |
Cosby, Rita |
| Dates associated with a name |
(1964- ) |
| Relator term |
Autor |
| 245 10 - TITLE STATEMENT |
| Title |
Quiet hero : |
| Remainder of title |
secrets from my father's past / |
| Statement of responsibility, etc. |
Rita Cosby. |
| 260 ## - PUBLICATION, DISTRIBUTION, ETC. |
| Place of publication, distribution, etc. |
London ; |
| -- |
Toronto ; |
| -- |
Sydney; |
| -- |
New York : |
| Name of publisher, distributor, etc. |
Threshold Editions, |
| Date of publication, distribution, etc. |
2011. |
| 300 ## - PHYSICAL DESCRIPTION |
| Extent |
[VII], 296 stron, [16] stron tablic : |
| Other physical details |
faksymilia, fotografie, portrety ; |
| Dimensions |
23 cm. |
| 336 ## - CONTENT TYPE |
| Content type term |
Tekst |
| Content type code |
txt |
| Source |
rdacontent |
| 337 ## - MEDIA TYPE |
| Media type term |
Bez urządzenia pośredniczącego |
| Media type code |
n |
| Source |
rdamedia |
| 338 ## - CARRIER TYPE |
| Carrier type term |
Wolumin |
| Carrier type code |
nc |
| Source |
rdacarrier |
| 380 ## - FORM OF WORK |
| Form of work |
Książki |
| 380 ## - FORM OF WORK |
| Form of work |
Literatura faktu, eseje, publicystyka |
| 388 1# - TIME PERIOD OF CREATION |
| Time period of creation term |
2001- |
| 600 17 - SUBJECT ADDED ENTRY--PERSONAL NAME |
| Personal name |
Cosby, Richard |
| Dates associated with a name |
(1925-2012) |
| Source of heading or term |
DBN |
| 600 17 - SUBJECT ADDED ENTRY--PERSONAL NAME |
| Personal name |
Cosby, Rita |
| Dates associated with a name |
(1964- ) |
| Source of heading or term |
DBN |
| 648 #7 - SUBJECT ADDED ENTRY--CHRONOLOGICAL TERM |
| Chronological term |
1901-2000 |
| Source of heading or term |
DBN |
| 648 #7 - SUBJECT ADDED ENTRY--CHRONOLOGICAL TERM |
| Chronological term |
1939-1945 |
| Source of heading or term |
DBN |
| 648 #7 - SUBJECT ADDED ENTRY--CHRONOLOGICAL TERM |
| Chronological term |
2001- |
| Source of heading or term |
DBN |
| 650 #7 - SUBJECT ADDED ENTRY--TOPICAL TERM |
| Topical term or geographic name entry element |
Jeńcy wojenni |
| Source of heading or term |
DBN |
| 650 #7 - SUBJECT ADDED ENTRY--TOPICAL TERM |
| Topical term or geographic name entry element |
Polacy za granicą |
| Source of heading or term |
DBN |
| 650 #7 - SUBJECT ADDED ENTRY--TOPICAL TERM |
| Topical term or geographic name entry element |
Powstanie warszawskie (1944) |
| Source of heading or term |
DBN |
| 651 #7 - SUBJECT ADDED ENTRY--GEOGRAPHIC NAME |
| Geographic name |
Polska |
| Source of heading or term |
DBN |
| 655 #7 - INDEX TERM--GENRE/FORM |
| Genre/form data or focus term |
Biografia |
| Source of term |
DBN |
| 655 #7 - INDEX TERM--GENRE/FORM |
| Genre/form data or focus term |
Pamiętniki i wspomnienia |
| Source of term |
DBN |
| 658 ## - INDEX TERM--CURRICULUM OBJECTIVE |
| Main curriculum objective |
Bezpieczeństwo i wojskowość |
| 942 ## - ADDED ENTRY ELEMENTS (KOHA) |
| Source of classification or shelving scheme |
Other/Generic Classification Scheme |
| Koha item type |
Books |
| Suppress in OPAC |
No |